000 00649nam a2200277Ia 4500
005 20260324111532.0
008 008 260324s9999 xx 000 0 eng d
020 _a9781003500018
037 _aEBOOK
040 _aCRL
040 _beng
040 _cCRL
041 _2eng
041 _aeng
084 _qCRL
100 _aThomas G. Raslear
_91138964
245 0 _aHuman Factors in the U.S. Railroad Industry
260 _bTaylor and Francis
260 _c2025
365 _a
365 _b195
856 _uhttp://www.taylorfrancis.com/books/9781003500018
942 _cEBOOK
999 _c1727826
_d1727826